MARC details
| 000 -CABECERA |
| campo de control de longitud fija |
00984cam a2200265 a 4500 |
| 001 - NÚMERO DE CONTROL |
| campo de control |
000009186 |
| 005 - FECHA Y HORA DE LA ÚLTIMA TRANSACCIÓN |
| campo de control |
20200929161519.0 |
| 008 - DATOS DE LONGITUD FIJA--INFORMACIÓN GENERAL |
| campo de control de longitud fija |
920511s1991 sp a b 001 f spa |
| 020 ## - NÚMERO INTERNACIONAL ESTÁNDAR DEL LIBRO |
| Número Internacional Estándar del Libro |
8478484388 (Obra completa) |
| 020 ## - NÚMERO INTERNACIONAL ESTÁNDAR DEL LIBRO |
| Número Internacional Estándar del Libro |
8478484361 (t. 1) |
| 020 ## - NÚMERO INTERNACIONAL ESTÁNDAR DEL LIBRO |
| Número Internacional Estándar del Libro |
847848437X (t. 2) |
| 040 ## - FUENTE DE LA CATALOGACIÓN |
| Centro catalogador/agencia de origen |
DO-SdBNP |
| Lengua de catalogación |
spa |
| Centro/agencia transcriptor |
BNPHU |
| 082 ## - NÚMERO DE LA CLASIFICACIÓN DECIMAL DEWEY |
| Número de clasificación |
843.5 |
| Número de documento/Ítem |
L622h |
| 100 1# - ENTRADA PRINCIPAL--NOMBRE DE PERSONA |
| Nombre de persona |
Isla, José Francisco de |
| Fechas asociadas al nombre |
1703-1781 |
| 9 (RLIN) |
14104 |
| 245 10 - MENCIÓN DE TÍTULO |
| Título |
Historia de Gil Blas de Santullano / |
| Mención de responsabilidad, etc. |
Lesage ; versión española del Padre Isla. |
| 260 ## - PUBLICACIÓN, DISTRIBUCIÓN, ETC. |
| Lugar de publicación, distribución, etc. |
Oviedo, España : |
| Nombre del editor, distribuidor, etc. |
Ayuntamiento de Oviedo ; |
| -- |
Pentalfa Ediciones, |
| Fecha de publicación, distribución, etc. |
1991. |
| 300 ## - DESCRIPCIÓN FÍSICA |
| Extensión |
2 v. : |
| Otras características físicas |
il. ; |
| Dimensiones |
21 cm. |
| 490 1# - MENCIÓN DE SERIE |
| Mención de serie |
Biblioteca del Helicón |
| Designación de volumen o secuencia |
1-2 |
| 504 ## - NOTA DE BIBLIOGRAFÍA, ETC. |
| Nota de bibliografía, etc. |
Incluye bibliografía e índice. |
| 505 0# - NOTA DE CONTENIDO CON FORMATO |
| Nota de contenido con formato |
t. 1. Libros 1 al 6 -- t. 2. Libros 7 al 12. |
| 650 #4 - PUNTO DE ACCESO ADICIONAL DE MATERIA--TÉRMINO DE MATERIA |
| Término de materia o nombre geográfico como elemento de entrada |
Novela francesa |
| Subdivisión cronológica |
SIGLO XVII |
| 9 (RLIN) |
23857 |
| 650 #4 - PUNTO DE ACCESO ADICIONAL DE MATERIA--TÉRMINO DE MATERIA |
| Término de materia o nombre geográfico como elemento de entrada |
Literatura francesa |
| Subdivisión cronológica |
SIGLOXVII |
| 9 (RLIN) |
23858 |
| 700 12 - PUNTO DE ACCESO ADICIONAL--NOMBRE DE PERSONA |
| Nombre de persona |
Lesage |
| Forma completa/desarrollada del nombre |
(Alain-René Lesage), |
| 9 (RLIN) |
23859 |
| 830 #0 - PUNTO DE ACCESO ADICIONAL DE SERIE-TÍTULO UNIFORME |
| Título uniforme |
Biblioteca del Helicón ; |
| Designación de volumen o secuencia |
1-2 |
| 9 (RLIN) |
23860 |